000 01418nam0a2200361 4500
001 RU\NLR\BIBL_A\022665063
005 20260114162420.0
010 _a978-5-6052847-3-4
_91000
021 _aRU
_bКН-П-25-059844
_9КН-П-25-5759
035 _a(NLR Aleph) 022665063
090 _a13514563
_c13514563
100 _a20251113d2025 u y0rusy50 ca
101 1 _arus
_cper
102 _aRU
105 _aac z 000yb
181 0 _ai3
_baxxe
182 0 _an
200 1 _aАйюб Боланди
_eвоспоминания Шахлы Гиасванд
_fАзизмухаммеди З.
_gпер. с перс.: Х. Алиев
203 _aТекст
_bвизуальный
_cнепосредственный
210 _aТверь
_cКнигист
_d2025
215 _a158, [1] с.
_cил., портр.
_d18
225 1 _aВечная любовь моя
_vкн. 2
300 _aАвт. указан на обороте тит. с. в макете и в вып. дан.
333 _a16+
686 1 _aШ6(5Ирн)67-440.4{Лх2160}
700 1 _aАзизмухаммеди
_bЗ.
_gЗейнаб
702 1 _aБоланди
_bА.
_f1960-2001
_gАйюб
_4280
702 1 _aГиасванд
_bШ.
_gШахла
_4570
702 1 _aАлиев
_bХ.
_4730
942 _cBOOK
980 _aNB